Pays se terminant par U - Statistiques

Statistiques générales
  • Ce quiz a été pris 304 fois
  • Le résultat moyen est 4 sur 5
Statistiques - réponses
Capitale % Correct
Pérou
95%
Tuvalu
87%
Nauru
81%
Vanuatu
80%
Guinée-Bissau
53%
Aucun quiz correspondant
Distribution des résultats
% des personnes avec chaque résultat
Percentile par nombre de réponses
Votre historique - résultats
Vous n’avez pas pris ce quiz